Statistiken für Russisches Kyrillisches Alphabet

Klicken Sie hier um das Quiz zu spielen!

Allgemein

  • Dieses Quiz wurde 341 mal gespielt
  • Das Durchschnittsergebnis liegt bei 25 aus 31

Antwortstatistiken

BuchstabeLautwert/
Umschrift
% Korrekt
АA
100%
БB
99%
ЕE | Je
94%
ДD
93%
МM
93%
ОO
93%
ТT
92%
ИI
91%
КK
91%
РR
91%
ВW | V
91%
ГG | W
90%
НN
90%
ПP
90%
СS
90%
ЛL
88%
УU
86%
ФF
85%
ЙJ | I | Y
84%
ХCh | H | Kh
81%
ЗS | Z
81%
ЖSch | Sh | Zh
77%
ЦC | Z | Ts
75%
ШSch | Sh
75%
ЯJa | Ya
70%
ЁJo | O
67%
ЧTsch | Ch
65%
ЭE
60%
ЮJu | Yu
60%
ЫY
49%
ЩSchtsch | Shch
45%

Verteilung der Resultate

Perzentil nach korrekt beantworteten Fragen

Anzahl Personen mit jedem Resultat

Ihre Resultats-Entwicklung

Sie haben dieses Quiz noch nicht gespielt